Tres paradigmas de la justicia penal (Registro nro. 320097)

Detalles MARC
000 -ENCABEZADO
Número de control [NR] 01013nam a22002417a 4500
005 - FECHA Y HORA DE LA ÚLTIMA TRANSACCIÓN
control field 20211104120623.0
008 - DE LONGITUD FIJA DE DATOS DE ELEMENTOS - INFORMACIÓN GENERAL
Elementos de longitud fija [NR] 211104s2020 mx |||gr|||| 00| 0 spa d
020 ## - NUMERO INTERNACIONAL NORMALIZADO PARA LIBROS [R]
Número Internacional Normalizado del libro [NR] 9786070936623
040 ## - FUENTE DE CATALOGACION [NR]
Agencia de catalogación original [NR] CO-BoUCM
Idioma de catalogación [NR] spa
Quien Cataloga Deissy Garcia
Quien Clasifica Deissy Garcia
041 0# - CODIGO DE IDIOMA [R]
Código de idioma para texto/pista de sonido o título separado [R] Español
100 ## - ASIENTO PRINCIPAL--NOMBRE PERSONAL [NR]
ID Autoridad 69900
Nombre personal [NR] Baltazar Samayoa, Salomón
245 10 - MENCION DE TITULO [NR]
Título [NR] Tres paradigmas de la justicia penal
Parte restante del título [NR] la autoría mediata para crímenes cometidos por aparatos del Estado y las organizaciones criminales. La prueba. La seguridad ciudadana
Mención de responsabilidad, etc. [NR] Salomón Baltazar Samayoa ; prólogo José Elías Romero Apis
260 ## - PUBLICACION, DISTRIBUCION, ETC. (PIE DE IMPRENTA) [R]
Lugar de publicación, distribución, etc. [R] México
Nombre del editor, distribuidor, etc. [R] Porrúa
Fecha de publicación, distribución, etc. [R] 2020
300 ## - DESCRIPCION FISICA [R]
Extensión [R] xxi, 232 páginas
504 ## - NOTA DE BIBLIOGRAFIA, ETC. [R]
Nota de bibliografía, etc. [NR] Incluye referencias bibliográficas
650 #7 - ASIENTO SECUNDARIO DE MATERIA - TERMINO TEMATICO [R]
Término temático o nombre geográfico como elemento de entrada [NR] Derecho penal
Subdivisión geográfica [R] México
9 (RLIN) 31051
650 #7 - ASIENTO SECUNDARIO DE MATERIA - TERMINO TEMATICO [R]
9 (RLIN) 22723
Término temático o nombre geográfico como elemento de entrada [NR] Prueba (Derecho penal)
650 #7 - ASIENTO SECUNDARIO DE MATERIA - TERMINO TEMATICO [R]
9 (RLIN) 23684
Término temático o nombre geográfico como elemento de entrada [NR] Responsabilidad penal
650 #7 - ASIENTO SECUNDARIO DE MATERIA - TERMINO TEMATICO [R]
9 (RLIN) 24088
Término temático o nombre geográfico como elemento de entrada [NR] Seguridad ciudadana
700 1# - ASIENTO SECUNDARIO - NOMBRE PERSONAL [R]
9 (RLIN) 154283
Nombre personal [NR] Romero Apis, José Elías
Término de relación [R] prólogo
942 ## - ELEMENTOS DE ENTRADA AGREGADOS (KOHA)
Sistema de clasificación DEWEY
Tema principal Derecho
Tipo de ítem principal el descrito en 300a Libro
Edición 1
Clasificación 345
Parte restante de la signatura top. B197t
Título oculto en OPAC No
Existencias
Total préstamos Signatura topográfica Código de barras Última vez visto Ejemplar Costo de reposición Price effective from Tipo de ítem Perdido Sistema de clasificación Dañado No prestable Tipo de ítem específico Suprimido Ubicación habitual Ubicación actual Localización Fecha de creación Forma de adquisición Costo
  345 B197t 100168660 05/12/2025 Ej.1 26000.00 04/11/2021 Libro   DEWEY     Libro   Claustro Claustro 3er piso 04/11/2021 Donación 0.00